Daňovo-odvodový pohľad na dividendy

Príjem (najčastejšie) fyzickej osoby z kapitálu vyprodukovaného právnickou osobou. Vo všeobecnosti platí, že každý príjem by mal byť v štáte zdanení. Dividendy a ich daňovo-odvodové zaťaženie.

Gespeichert in:
Bibliographische Detailangaben
1. Verfasser: Borza, Michal
Format: Buchkapitel
Sprache:Slowakisch
Schlagworte:
Tags: Tag hinzufügen
Keine Tags, Fügen Sie das erste Tag hinzu!

MARC

LEADER 00000nla a2200000 4500
001 0162100
005 20240502072816.7
041 0 |a slo 
044 |a SK 
245 1 0 |a Daňovo-odvodový pohľad na dividendy  |c Michal Borza 
520 |a Príjem (najčastejšie) fyzickej osoby z kapitálu vyprodukovaného právnickou osobou. Vo všeobecnosti platí, že každý príjem by mal byť v štáte zdanení. Dividendy a ich daňovo-odvodové zaťaženie. 
610 2 0 |a dane 
610 2 0 |a odvody 
610 2 0 |a dane z príjmov 
610 2 0 |a zaťaženie daňové 
610 2 0 |a zdanenie dvojité 
610 2 0 |a optimalizácia daňová 
610 2 0 |a dividendy 
100 1 |a Borza, Michal